Metodologija ochrany truda v čeloveko-mašinnych sistemach

Guardado en:
Detalles Bibliográficos
Autor principal: Kozlov, Viktor Ivanovič
Formato: Libro
Lenguaje:ruso
Publicado: Riga Zinatne 1989
Edición:1. izd.
Etiquetas: Agregar Etiqueta
Sin Etiquetas, Sea el primero en etiquetar este registro!

MARC

LEADER 00000nam a2200000 4500
001 c031889
005 20221215135556.1
041 0 |a rus 
044 |a LV 
245 1 0 |a Metodologija ochrany truda v čeloveko-mašinnych sistemach  |c Viktor Ivanovič Kozlov 
250 |a 1. izd. 
264 1 |a Riga  |b Zinatne  |c 1989 
300 |a 183 s. 
100 1 |a Kozlov, Viktor Ivanovič